000
00293nam a2200133Ia 4500
100
_a
Niit
942
_c
BK
654
_a
tools
245
_a
Hacking tools and techniques and incident handling
260
_b
Prentice Hall
_c
2003
082
_a
4.6
_b
NII
300
_a
355
546
_a
ENGLISH
999
_c
18416
_d
18416